| 000 | 00638nam a2200241Ia 4500 | ||
|---|---|---|---|
| 003 | OSt | ||
| 005 | 20220918224646.0 | ||
| 006 | a|||||r|||| 00| 0 | ||
| 007 | ta | ||
| 008 | 220917b |||||||| |||| 00| 0 eng d | ||
| 024 | _a232,804 | ||
| 037 | _cTextual | ||
| 040 |
_aARTS _cARTS _beng |
||
| 041 |
_2eng _aeng |
||
| 082 | _aR635, M3 | ||
| 100 |
_aRao Polamuri Sampatha _9148670 |
||
| 245 | 0 | _aMessage of Bhagwan Balayogi | |
| 260 |
_aHyderabad _bRose Printing Works India _c1983 |
||
| 300 |
_a120p _ccm. |
||
| 650 |
_aYOGA _92333 |
||
| 942 |
_hR635, M3 _cTEXL _2CC |
||
| 999 |
_c281980 _d281980 |
||